Statistiken für Hauptstädte in einem Ring auf der Weltkarte

Klicken Sie hier um das Quiz zu spielen!

Allgemein

  • Dieses Quiz wurde 560 mal gespielt
  • Das Durchschnittsergebnis liegt bei 20 aus 25

Antwortstatistiken

Land Hauptstadt % Korrekt
Vereinigte StaatenWashington D.C.
97%
ChinaPeking
97%
SüdkoreaSeoul
96%
AustralienCanberra
96%
KubaHavanna
92%
PeruLima
89%
NeuseelandWellington
89%
IndonesienJakarta
88%
PanamaPanama-Stadt
85%
NordkoreaPjöngjang
85%
VenezuelaCaracas
84%
KolumbienBogotá
84%
VietnamHanoi
83%
PhilippinenManila
81%
EcuadorQuito
80%
TaiwanTaipeh
78%
SingapurSingapur
77%
JamaikaKingston
71%
BahamasNassau
67%
HaitiPort-au-Prince
66%
KambodschaPhnom Penh
63%
LaosVientiane
56%
Dominikanische RepublikSanto Domingo
55%
OsttimorDili
53%
BruneiBandar Seri Begawan
46%

Verteilung der Resultate

Perzentil nach korrekt beantworteten Fragen

Anzahl Personen mit jedem Resultat

Ihre Resultats-Entwicklung

Sie haben dieses Quiz noch nicht gespielt